LEADER 00810nam a2200193 i 4500 001 000000133950 003 CaOOAMICUS 005 20161221000000.0 008 161221s1886 it u000 u ita u 013 $a106971 040 $aSeMil$bita 245 13$aLa Madonna di San Celso in Milano :$bappunti storico-religiosi. 260 $aVarese :$bTip. Eugenio Galli,$c1886. 300 $a136 p. ;$c17 cm. 650 4$aMilano - Santuario di Santa Maria dei Miracoli presso San Celso.$0(OLS)http://semarc/subject/45006 850 $aSeMil 852 $aSeMil$W1$xVenegono$y1$m3O I 101 FA$j87737$B87737$CSeMilBibl$Z2$F92231 $8I 996 $6245$aLa Madonna di San Celso in Milano :$bappunti storico-religiosi$9(OLS)http://semarc/title/195992 996 $6260$aVarese :$bTip. Eugenio Galli$9(OLS)http://semarc/publisher/46787 LEADER 00962nam a2200253 i 4500 001 000000086560 003 CaOOAMICUS 005 20180830150010.0 008 180830s1938 xx u000 u und u 013 $a58800 040 $aSeMil$bita 100 0 $aCyprianus : Caecilius Thascius,$c.$0(OLS)http://semarc/name/1150 245 10$aNel palazzo dell'anima. 260 $aSiena :$bCantagalli,$c1938. 300 $a187 p. 650 4$aAnima.$0(OLS)http://semarc/subject/1117 700 1 $aMecatti, D. A.$0(OLS)http://semarc/name/39819 700 1 $aRosati, Nazario,$c.$0(OLS)http://semarc/name/39816 850 $aSeMil 852 $aSeMil$W1$xVenegono$y1$m74 1 70 *$j50221$B50221$CSeMilBibl$Z2$F54159 $81 900 0 $aCipriano : di Cartagine. 996 $6245$aNel palazzo dell'anima$9(OLS)http://semarc/title/132842 996 $6260$aSiena :$bCantagalli$9(OLS)http://semarc/publisher/29767